00932nam a2200241 a 450000500170000000800410001704000250005804100080008304400080009108200200009910000200011911101750013924501440031426000400045830000110049865000300050965000150053965000360055465000180059065000400060866200210064866200210066920200104041518.0140226b1996 -Us||||| |||| 00| 0 spa d aCO-BoIAVHcCO-BoIAVH aspa axxu aLB-580.72bW97i aOlson, David M. aTaller de identificación de vacíos de información botánica para la conservación de la biodiversidad en América Latina y el CaribecWashingtondabril 7-9, 1996 aIdentificación de vacios de información botánica para la conservación de la biodiversidad en América Latina y el Caribebmemorias aWashingtonbWWF Internationalc1996 a111 p. aSistemas de información aBotánica aConservación de biodiversidad aBiodiversidad aVacios de información biológica cIslas del Caribe cAmérica Latina